00307nam a2200133 a 4500003000200000005001700002008004100019020001800060050002200078245001100100260001800111440001700129650002700146020170411185646.0080122s19uu xx 00 eng d a1-59060-501-2 aTR(PS EbJ69 2005 aJonah. bPlaymore inc. aBible pop-up aBible stories, English